Normal view
MARC view
Entry Topical Term
001 - CONTROL NUMBER
- control field: 30516
003 - CONTROL NUMBER IDENTIFIER
- control field: dpl
005 - DATE AND TIME OF LATEST TRANSACTION
- control field: 20110729144421.0
008 - FIXED-LENGTH DATA ELEMENTS
- fixed length control field: 110729|||a|||||| | ||| d
040 ## - CATALOGING SOURCE
- Original cataloging agency: dpl
- Transcribing agency: dpl
150 ## - HEADING--TOPICAL TERM
- Topical term or geographic name as entry element: Hindu goddesses in art.
670 ## - SOURCE DATA FOUND
- Source citation: Work cat.: (dpl)54560: Fischer, Eberhard, 1941- 30512, Murals for goddesses and gods :, c1996.
670 ## - SOURCE DATA FOUND
- Source citation: Work cat.: (dpl)54560: Fischer, Eberhard, 1941- 30512, Murals for goddesses and gods :, c1996.
